000 00545nam a2200145 a 4500
001 000044847
005 20250116162810.0
008 150114s20uu dr 000 0 spa d
040 _aDO-SdBNP
_bspa
_cBNPHU
245 0 0 _aGuía Metodológica para Docentes Facilitadores.
260 _aSanto Domingo :
_bMinisterio de Educación,
_c[200?].
300 _a32 p. ;
_c20 cm.
505 0 _aMódulo 2 --
_tLa familia --
_tPrimer ciclo educación básica para personas jóvenes y adultas --
710 1 _aRepública Dominicana
_bMinisterio de Educación
_972019
999 _c44336
_d44336